Modlitby Kajicziho Hržišnika Pržed SS. Spoviedi

Modlitby pred spoveďou

Bibliographic Details
Format: Manuscript Book
Language:Czech
Latin
PhysicalDescription:134 nečíslovaných strán rukopis (odpis), viazaný 18 cm
Published: [Miesto vzniku nie je známe] [1780?]
Subjects:

MARC

LEADER 00000ntmaa2200000 a 4500
001 vtls011616281
003 SK-MaSNL
005 20260301221408.0
008 230802s1780 xx || 000 1 cze
035 |a urn:nbn:sk:snk-tm00cd96 
035 |a urn:nbn:sk:snk-tm3n2h9 
035 |a 1B2A8609-2530-4F65-9389-347284BB1977 
040 |a SNKLA  |b slo  |c SNKLA  |e AACR2 
041 0 |a cze  |a lat 
044 |a xx 
072 7 |a 27-78  |x Kresťanské združenia, spolky a organizácie. Rehoľné rády  |2 konspekt 
080 |a 27-534.35  |2 2011 
080 |a 025.171  |2 2011 
245 0 0 |a Modlitby Kajicziho Hržišnika Pržed SS. Spoviedi 
260 |a [Miesto vzniku nie je známe]  |c [1780?] 
300 |a 134 nečíslovaných strán  |b rukopis (odpis), viazaný  |c 18 cm 
500 |a Na prednej predsádke a začiatku textu signatúra 4851 s podtrhnutím napísaná atramentovou ceruzou 
520 2 |a Modlitby pred spoveďou 
546 |a Napísané česky, švabachom. Pred začiatkom textu modlitebnej knihy latinská báseň-pieseň Stella Caeli exstirpavit 
555 0 |a Inventár rukopisov Archívu literatúry a umenia Matice slovenskej. Rukopisy historických knižníc na Slovensku I. Martin: Matica slovenská 1992 
610 2 7 |a Františkáni (Bratislava, Slovensko)  |b Mariánska provincia  |2 SNKLA  |9 50541 
655 7 |a modlitby  |2 SNKPH  |9 70550 
655 7 |a rukopisy  |2 SNKPH  |9 70548 
852 |a Slovenská národná knižnica  |b Literárny archív 
958 |a ZH 
958 |a LAVD 
999 |c 935713  |d 937643 
952 |a SNKLA  |b SNKLA  |c SNKLA_DEP  |y NEVYP  |7 0  |p 17A1225995  |o snkRHKS 600  |0 0  |1 0  |4 0  |d 2017-03-08  |f 1  |l 0  |r 2026-02-24 09:02:27  |w 2026-02-24